<?xml version="1.0" encoding="UTF-8"?><?xml-stylesheet type="text/xsl" href="static/style.xsl"?><OAI-PMH xmlns="http://www.openarchives.org/OAI/2.0/" xmlns:xsi="http://www.w3.org/2001/XMLSchema-instance" xsi:schemaLocation="http://www.openarchives.org/OAI/2.0/ http://www.openarchives.org/OAI/2.0/OAI-PMH.xsd"><responseDate>2026-06-07T05:48:41Z</responseDate><request verb="GetRecord" identifier="oai:riuma.uma.es:10630/25190" metadataPrefix="marc">https://riuma.uma.es/rest/oai/request</request><GetRecord><record><header><identifier>oai:riuma.uma.es:10630/25190</identifier><datestamp>2026-02-03T12:32:25Z</datestamp><setSpec>com_10630_2254</setSpec><setSpec>col_10630_37959</setSpec></header><metadata><record xmlns="http://www.loc.gov/MARC21/slim" xmlns:dcterms="http://purl.org/dc/terms/" xmlns:doc="http://www.lyncode.com/xoai" xmlns:xsi="http://www.w3.org/2001/XMLSchema-instance" xsi:schemaLocation="http://www.loc.gov/MARC21/slim http://www.loc.gov/standards/marcxml/schema/MARC21slim.xsd">
   <leader>00925njm 22002777a 4500</leader>
   <datafield ind2=" " ind1=" " tag="042">
      <subfield code="a">dc</subfield>
   </datafield>
   <datafield ind2=" " ind1=" " tag="720">
      <subfield code="a">Alba-Dorado, María Isabel</subfield>
      <subfield code="e">author</subfield>
   </datafield>
   <datafield ind2=" " ind1=" " tag="720">
      <subfield code="a">Tomás Acosta, Carlos</subfield>
      <subfield code="e">author</subfield>
   </datafield>
   <datafield ind2=" " ind1=" " tag="720">
      <subfield code="a">Alvaredo López, Natalia</subfield>
      <subfield code="e">author</subfield>
   </datafield>
   <datafield ind2=" " ind1=" " tag="720">
      <subfield code="a">Alonso González, Pablo</subfield>
      <subfield code="e">author</subfield>
   </datafield>
   <datafield ind2=" " ind1=" " tag="260">
      <subfield code="c">2023</subfield>
   </datafield>
   <datafield ind2=" " ind1=" " tag="520">
      <subfield code="a">El paisaje industrial configura en la actualidad un fenómeno de extraordinaria complejidad y &#xd;
diversidad cuyo estudio ha sido abordado tardíamente por la actividad científica en general. A &#xd;
pesar de la importancia que estos paisajes poseen como depositarios de una memoria colectiva &#xd;
y como marco cultural de referencia, estos se encuentran expuestos a grandes transformaciones &#xd;
y, en ocasiones, a su total desaparición. Una vez que han perdido la función para la que fueron &#xd;
creados, estos se muestran como paisajes obsoletos, abandonados y degradados. Son pocas &#xd;
las investigaciones que han abordado su estudio en profundidad o las intervenciones que han &#xd;
tratado de recuperar a estos paisajes. Así pues, si bien nos es posible observar la existencia de &#xd;
diversas acciones que convergen en la valoración de estos paisajes, son numerosos los casos &#xd;
de degradación, expolio, abandono y saqueo de este patrimonio. En este sentido, son cada vez &#xd;
más los investigadores y profesionales del ámbito del patrimonio y del paisaje que reconocen la &#xd;
necesidad de profundizar en el estudio, puesta en valor, protección y planificación de un futuro &#xd;
para estos paisajes postindustriales. Esta comunicación tiene como objetivo dar a conocer los &#xd;
resultados de un proyecto de investigación que se encuentra actualmente en fase de desarrollo &#xd;
y que aborda el estudio de estos paisajes, atendiendo a su especificidad e identidad propia. La &#xd;
finalidad de esta aportación es profundizar en el conocimiento de estos paisajes y conocer el &#xd;
estado en el que se encuentra su estudio a partir del análisis de aquellas investigaciones e &#xd;
iniciativas que abordan este patrimonio industrial desde su consideración paisajística, así como &#xd;
a través del estudio de aquellos instrumentos de carácter normativo y práctico que afectan a &#xd;
estos y que en los últimos años han permitido establecer directrices, referencias o normas-marco &#xd;
para la puesta en valor e intervención de estos paisajes.</subfield>
   </datafield>
   <datafield ind1="8" ind2=" " tag="024">
      <subfield code="a">https://hdl.handle.net/10630/25190</subfield>
   </datafield>
   <datafield tag="653" ind2=" " ind1=" ">
      <subfield code="a">Patrimonio cultural</subfield>
   </datafield>
   <datafield tag="653" ind2=" " ind1=" ">
      <subfield code="a">Edificios industriales</subfield>
   </datafield>
   <datafield ind2="0" ind1="0" tag="245">
      <subfield code="a">Hacia un concepto ampliado del paisaje industrial desde su  consideración como paisaje cultural</subfield>
   </datafield>
</record>
</metadata></record></GetRecord></OAI-PMH>